| 000 | 01673 a2200217 4500 | ||
|---|---|---|---|
| 001 | 33371 | ||
| 005 | 20260407155626.0 | ||
| 008 | 260407a1982 arg spa d | ||
| 003 | AR-UNSa-BCEJYS | ||
| 040 |
_aAR-UNSa-BCEJYS _bspa _cAR-UNSa-BCEJYS |
||
| 080 |
_a658.017.2/3 _xTamaño de la empresa (Pymes) |
||
| 245 | 1 | 0 | _aAdministración de empresas pequeñas y medianas |
| 020 | _a968-18-1348-0 | ||
| 264 | 1 |
_aMéxico : _bLimusa _c1982 |
|
| 300 |
_a568 p. _c23 cm. |
||
| 505 | _aI. Medio ambiente y propiedad de la pequeña empresa : 1. La pequeña empresa y su medio ambiente - 2. El empresario - 3. Propiedad - II : La empresa pequeña y los concesionarios: 4. Empresa minoristas y de servicios - 5. Mayoristas y fabircantes - 6. Concesiones - III: Establecimiento de la empresa: 7. Decisiones de comprar una empresa existente o iniciar una nueva - 8. Ubicación - 9. Instalaciones físicas - IV. Control administrativo: 11. Administración y relaciones con el empleado - 12. Administración de personal -13. Control finaniciero y control de caja - 14. Análisis de los estados contables - V. Control de la mercancia y de los seguros: 15. Compras - 16. Control de inventarios - 17. Riesgos, póliza de seguros y robo - VI: Mercaderia del producto o del servcicio : 18. Mercadotecnia - 19. Precios - 20. Comportamiento del consumidor y ventas personales - 21. Publicidad y promoción de ventas - 22. Crédito al consumidor - VII. El gobierno y los pequeños negocios : 23. Consideraciones legales - 24. Control y asistencia gubernamentales - | ||
| 942 | _cBK | ||
| 590 | _aniveau_biblio:m niveau_hierar:0 | ||
| 100 | 1 | _aPickle, Hal B. | |
| 700 | 1 | _aAbrahamson, Royce L. | |
| 999 |
_c2340 _d2340 |
||